Practical Electronics For Inventors (Record no. 5983)
[ view plain ]
| 000 -LEADER | |
|---|---|
| fixed length control field | 01069cam a2200325 i 4500 |
| 001 - CONTROL NUMBER | |
| control field | 18966823 |
| 003 - CONTROL NUMBER IDENTIFIER | |
| control field | OSt |
| 005 - DATE AND TIME OF LATEST TRANSACTION | |
| control field | 20180205190235.0 |
| 008 - FIXED-LENGTH DATA ELEMENTS--GENERAL INFORMATION | |
| fixed length control field | 160208s2016 nyu 000 0 eng |
| 010 ## - LIBRARY OF CONGRESS CONTROL NUMBER | |
| LC control number | 2016932853 |
| 020 ## - INTERNATIONAL STANDARD BOOK NUMBER | |
| International Standard Book Number | 9781259587542 |
| 020 ## - INTERNATIONAL STANDARD BOOK NUMBER | |
| International Standard Book Number | 1259587541 |
| 040 ## - CATALOGING SOURCE | |
| Original cataloging agency | DLC |
| Language of cataloging | eng |
| Transcribing agency | DLC |
| Description conventions | rda |
| Modifying agency | DLC |
| 042 ## - AUTHENTICATION CODE | |
| Authentication code | pcc |
| 082 ## - DEWEY DECIMAL CLASSIFICATION NUMBER | |
| Classification number | 537.5 |
| Item number | SCH 2016 |
| 100 1# - MAIN ENTRY--PERSONAL NAME | |
| Personal name | Scherz, Paul; Monk, Simon. |
| 9 (RLIN) | 12405 |
| 245 10 - TITLE STATEMENT | |
| Title | Practical Electronics For Inventors |
| 250 ## - EDITION STATEMENT | |
| Edition statement | 4th.ed. |
| 264 #1 - PRODUCTION, PUBLICATION, DISTRIBUTION, MANUFACTURE, AND COPYRIGHT NOTICE | |
| Place of production, publication, distribution, manufacture | New York ; |
| Name of producer, publisher, distributor, manufacturer | McGraw-Hill Education, |
| Date of production, publication, distribution, manufacture, or copyright notice | 2016 |
| 300 ## - PHYSICAL DESCRIPTION | |
| Extent | xxv, 1027ps ; |
| Dimensions | 28 cm |
| Other physical details | ill : |
| 336 ## - CONTENT TYPE | |
| Content type term | text |
| Content type code | txt |
| Source | rdacontent |
| 337 ## - MEDIA TYPE | |
| Media type term | unmediated |
| Media type code | n |
| Source | rdamedia |
| 338 ## - CARRIER TYPE | |
| Carrier type term | volume |
| Carrier type code | nc |
| Source | rdacarrier |
| 504 ## - BIBLIOGRAPHY, ETC. NOTE | |
| Bibliography, etc | Includes index. |
| 650 #0 - SUBJECT ADDED ENTRY--TOPICAL TERM | |
| Topical term or geographic name as entry element | Electronics |
| 9 (RLIN) | 12406 |
| 856 42 - ELECTRONIC LOCATION AND ACCESS | |
| Materials specified | Contributor biographical information |
| Uniform Resource Identifier | http://www.loc.gov/catdir/enhancements/fy1605/2016932853-b.html |
| 856 42 - ELECTRONIC LOCATION AND ACCESS | |
| Materials specified | Publisher description |
| Uniform Resource Identifier | http://www.loc.gov/catdir/enhancements/fy1605/2016932853-d.html |
| 906 ## - LOCAL DATA ELEMENT F, LDF (RLIN) | |
| a | 7 |
| b | cbc |
| c | orignew |
| d | 2 |
| e | epcn |
| f | 20 |
| g | y-gencatlg |
| 942 ## - ADDED ENTRY ELEMENTS (KOHA) | |
| Source of classification or shelving scheme | Dewey Decimal Classification |
| Koha item type | Open Shelf |
| Withdrawn status | Lost status | Source of classification or shelving scheme | Damaged status | Not for loan | Home library | Current library | Date acquired | Source of acquisition | Inventory number | Total Checkouts | Full call number | Barcode | Date last seen | Koha item type |
|---|---|---|---|---|---|---|---|---|---|---|---|---|---|---|
| Dewey Decimal Classification | MUST Main Library | MUST Main Library | 31/01/2018 | Purchase | 17/40368 | 537.5 SCH 2016 | 2018-0072 | 31/01/2018 | Open Shelf | |||||
| Dewey Decimal Classification | MUST Main Library | MUST Main Library | 18/04/2018 | Purchase | 17/40578 | 537.5 SCH 2016 | 2018-0225 | 18/04/2018 | Open Shelf | |||||
| Dewey Decimal Classification | MUST Main Library | MUST Main Library | 19/09/2019 | Purchase | 19/40746 | 537.5 SCH 2016 | 2019-0461 | 19/09/2019 | Open Shelf | |||||
| Dewey Decimal Classification | MUST Main Library | MUST Main Library | 19/09/2019 | Purchase | 19/40747 | 537.5 SCH 2016 | 2019-0462 | 19/09/2019 | Open Shelf | |||||
| Dewey Decimal Classification | MUST Main Library | MUST Main Library | 19/09/2019 | Purchase | 19/40748 | 537.5 SCH 2016 | 2019-0463 | 19/09/2019 | Open Shelf | |||||
| Dewey Decimal Classification | MUST Main Library | MUST Main Library | 19/09/2019 | Purchase | 19/40749 | 537.5 SCH 2016 | 2019-0464 | 19/09/2019 | Open Shelf | |||||
| Dewey Decimal Classification | MUST Main Library | MUST Main Library | 19/09/2019 | Purchase | 19/40750 | 537.5 SCH 2016 | 2019-0465 | 19/09/2019 | Open Shelf | |||||
| Dewey Decimal Classification | MUST Main Library | MUST Main Library | 07/10/2025 | Purchase | 25/42380 | 537.5 SCH 2016 | 2025-0072 | 07/10/2025 | Open Shelf | |||||
| Dewey Decimal Classification | MUST Main Library | MUST Main Library | 07/10/2025 | Purchase | 25/42381 | 537.5 SCH 2016 | 2025-0073 | 07/10/2025 | Open Shelf | |||||
| Dewey Decimal Classification | MUST Main Library | MUST Main Library | 07/10/2025 | Purchase | 25/42382 | 537.5 SCH 2016 | 2025-0074 | 07/10/2025 | Open Shelf |
